Top 15 landen met Covid-19 sterfgevallen - 25 juni - Statistieken

Algemene statistieken
  • Deze quiz is 3 keer genomen
  • De gemiddelde score is 9 van 20
Antwoordstatistieken
land % Correct
België
100%
Canada
100%
Nederland
100%
Rusland
100%
Verenigde Staten
100%
Duitsland
67%
Frankrijk
67%
Verenigd Koninkrijk
67%
Brazilië
33%
India
33%
Iran
33%
Italië
33%
Mexico
33%
Spanje
33%
Chili
0%
Ecuador
0%
Ierland
0%
Peru
0%
Zweden
0%
Zwitserland
0%
Geen overeenkomende quizzen gevonden
Scoreverdeling
Procent van Mensen met Elke Score
Percentiel versus Aantal Correcte Antwoorden
Uw Scoregeschiedenis
U heeft deze quiz nog niet genomen